LIBRARY & INFORMATION CENTRE, KCAET, TAVANUR

ONLINE PUBLIC ACCESS CATALOGUE (OPAC)

Water System Science and Policy Interfacing (Record no. 14436)

MARC details
000 -LEADER
fixed length control field 00307nam a22001217a 4500
020 ## - INTERNATIONAL STANDARD BOOK NUMBER
ISBN 9781847558619
082 ## - DEWEY DECIMAL CLASSIFICATION NUMBER
Classification number 627.01
Item number QUE/WA
245 ## - TITLE STATEMENT
Title Water System Science and Policy Interfacing
260 ## - PUBLICATION, DISTRIBUTION, ETC. (IMPRINT)
Place of publication Cambridge
Name of publisher RSC Publishing
Year of publication 2010
300 ## - PHYSICAL DESCRIPTION
Number of Pages 430
700 ## - ADDED ENTRY--PERSONAL NAME
Personal name Quevauviller,Philippe
942 ## - ADDED ENTRY ELEMENTS (KOHA)
Koha item type Reference
Holdings
Withdrawn status Lost status Damaged status Collection code Home library Current library Shelving location Date acquired Source of acquisition Cost, normal purchase price Full call number Accession Number Koha item type
      Reference KAUAET KAUAET Reference 01/07/2016 Ajith Book Stall, Kochin 12886.06 627.01 QUE/WA 23815 Reference
free website counter